| 000 | 00692nam a2200217 i 4500 | ||
|---|---|---|---|
| 001 | 10828 | ||
| 003 | ES-MaACL | ||
| 005 | 20250318063110.0 | ||
| 007 | t| | ||
| 008 | 951108s1994 fr ||||1| fre d | ||
| 020 | _a2-07-036868-8 | ||
| 080 | _a840-23"19" | ||
| 100 | 1 |
_aSartre, Jean-Paul, _d1905-1980 _9103897 |
|
| 245 | 1 | 3 |
_aLa P... respectueuse _b: pièce en un acte et deux tableaux ; suivi de Morts sans sépulture : pièce en deux actes et quatre tableaux. |
| 260 |
_a[S.l.] : _bGallimard, _cD.L. 1994. |
||
| 300 |
_a218 p. ; _c18 cm. |
||
| 490 | 1 |
_aFolio ; _v868 |
|
| 830 | 0 |
_aFolio ; _v868 _9178839 |
|
| 852 |
_aES-MaACL _jL-18130 _bR.124404 |
||
| 999 |
_c10828 _d10828 |
||